000 00773nam a2200217 a 4500
001 000024570
005 20200930023238.0
008 110131s1965 nyu r 000 0 spa d
040 _aDO-SdBNP
_bspa
_cBNPHU
082 _axxxxx
_bS872u
100 1 _aStoessinger, John G.
_950380
245 1 4 _aThe united nations and the superpowers :
_bUnited States - Soviet interaction at the United Nations /
_cJohn G. Stoessinger ; colaboración Robert G. McKelvey.
260 _aNew York :
_bRandom House,
_c1965.
300 _a206 p. ;
_c19 cm.
490 1 _aStudies in Political Science
500 _aIncluye índice.
500 _aIncluye notas al pie de las páginas.
700 1 _aMcKelvey, Robert G.
_950381
830 0 _aStudies in Political Science
_950382
049 _aBNGR
999 _c24063
_d24063